University Home | Library Home | Institutional Repository

Rabindranath Tagore: (Record no. 216381)

MARC details
000 -LEADER
fixed length control field 00692nam a22002177a 4500
005 - DATE AND TIME OF LATEST TRANSACTION
control field 20260302110551.0
008 - FIXED-LENGTH DATA ELEMENTS--GENERAL INFORMATION
fixed length control field 260302b ||||| |||| 00| 0 eng d
020 ## - INTERNATIONAL STANDARD BOOK NUMBER
International Standard Book Number 9787500124269
040 ## - CATALOGING SOURCE
Original cataloging agency LC
Transcribing agency UNZA
Modifying agency RDA
Description conventions RDA
050 ## - LIBRARY OF CONGRESS CALL NUMBER
Classification number PK 1722.A2
Item number TAG 2010
100 ## - MAIN ENTRY--PERSONAL NAME
Personal name Tagore, Rabindranath
245 ## - TITLE STATEMENT
Title Rabindranath Tagore:
Remainder of title An anthology/
Statement of responsibility, etc. Rabindranath Tagore
260 ## - PUBLICATION, DISTRIBUTION, ETC.
Place of publication, distribution, etc. Beijing:
Name of publisher, distributor, etc. China Translation & Publishing House,
Date of publication, distribution, etc. 2010
300 ## - PHYSICAL DESCRIPTION
Extent 189 pages:
Dimensions 24cm
336 ## - CONTENT TYPE
CONTENT TYPE Text
337 ## - MEDIA TYPE
MEDIA TYPE Unmediated
338 ## - CARRIER TYPE
CARRIER TYPE Series
440 ## - SERIES STATEMENT/ADDED ENTRY--TITLE
Title Bilingual Masterpieces Accessible Reading Series,
Number of part/section of a work Level 4.
650 ## - SUBJECT ADDED ENTRY--TOPICAL TERM
Topical term or geographic name entry element Indic Poetry
Chronological subdivision 20th Century
Geographic subdivision Translations into Chinese
999 ## -
-- 216381
-- 216381
942 ## - ADDED ENTRY ELEMENTS (KOHA)
Koha item type Book
Holdings
Withdrawn status Lost status Source of classification or shelving scheme Damaged status Not for loan Home library Current library Shelving location Date acquired Total Checkouts Full call number Barcode Date last seen Copy number Price effective from Koha item type
    Library of Congress Classification     Confucius Library Confucius Library On Shelf 03/02/2026   PK 1722.A2 TAG 2010 33729001526479 03/02/2026 C.1 03/02/2026 Book
© 2026 - The University of Zambia Library - Koha v25.11